Finančné aspekty transparentnej činnosti podniku diplomová práca

Na minha lista:
Detalhes bibliográficos
Autor principal: Tóthová, Lucia, 1960-
Autor Corporativo: Fakulta podnikového manažmentu EU. Katedra podnikových financií
Outros Autores: Hyránek, Eduard, 1955-
Formato: Livro
Idioma:eslovaco
Publicado em: Bratislava 2017
Tags: Adicionar Tag
Sem tags, seja o primeiro a adicionar uma tag!

MARC

LEADER 00000nbm a2200000 4500
001 0232563
005 20240627113731.5
041 0 |a slo 
044 |a SK 
245 1 0 |a Finančné aspekty transparentnej činnosti podniku  |b diplomová práca  |c Lucia Tóthová ; školiteľ: Eduard Hyránek 
264 1 |a Bratislava  |c 2017 
300 |a 83 s. 
100 1 |a Tóthová, Lucia, 1960- 
700 1 |a Hyránek, Eduard, 1955- 
710 2 |a Fakulta podnikového manažmentu EU. Katedra podnikových financií